Zákony 2004 : [aktualizácia k zákonom III/2004] : úplné znenie. Zošit 5, Zákon o sociálnom poistení. Zákon o zdravotnom poistení, financovaní zdravotného poistenia, o zriadení Všeobecnej zdravotnej poisťovne .... Nariadenie vlády SR o zvýšení sumy zaopatrovacieho príspevku. Nariadenie vlády SR o zvýšení sumy príspevkov pestúnskej starostlivosti. Nariadenie vlády SR o zvýšení sumy príspevku na pohreb. Nariadenie vlády SR o zvýšení sumy príspevku pri narodení dieťaťa a o zvýšení súm príspevku rodičom, ktorým sa súčasne narodili tri deti alebo viac detí .... Nariadenie vlády SR o úprave sumy prídavku na dieťa. Nariadenie vlády SR, ktorým sa upravujú sumy dávky v hmotnej núdzi a príspevku na bývanie. Nariadenie vlády SR, ktorým sa ustanovuje výška minimálnej mzdy /
Uložené v:
| Korporatívny autor: | |
|---|---|
| Médium: | Kniha |
| Jazyk: | Slovak |
| Vydané: |
Žilina :
Poradca,
2004
|
| Vydanie: | [1. vyd.] |
| Témy: | |
| ISBN: |
(brož.) |
| Fyzický popis: |
152 s. ; 21 cm |
| Tagy: |
Pridať tag
Žiadne tagy, Buďte prvý kto otaguje tento záznam!
|
Titul je dostupný aj v ... 

MARC
| LEADER | 00000nam a2200000 a 4500 | ||
|---|---|---|---|
| 001 | 000008564 | ||
| 005 | 20050512094717.0 | ||
| 008 | 050308s2004 xo e l 000 0 sloo | ||
| 020 | |a (brož.) | ||
| 022 | |a 1335-6127 | ||
| 040 | |a SVKKK |b slo |c SVKKK |e AACR2 | ||
| 041 | 0 | |a slo | |
| 044 | |a xo |c SK | ||
| 072 | 7 | |a 34 |x Právo |2 konspekt | |
| 080 | |a 36 |2 1997 | ||
| 080 | |a 369 |2 1997 | ||
| 080 | |a 369.22 |2 1997 | ||
| 080 | |a 340.133 |2 1997 | ||
| 080 | |a (095.4) |2 1997 | ||
| 110 | 1 | |a Slovensko |4 aut | |
| 240 | 1 | 0 | |a Zákony, etc. |
| 245 | 1 | 0 | |a Zákony 2004 : |b [aktualizácia k zákonom III/2004] : úplné znenie. |n Zošit 5, |p Zákon o sociálnom poistení. |p Zákon o zdravotnom poistení, financovaní zdravotného poistenia, o zriadení Všeobecnej zdravotnej poisťovne .... |p Nariadenie vlády SR o zvýšení sumy zaopatrovacieho príspevku. |p Nariadenie vlády SR o zvýšení sumy príspevkov pestúnskej starostlivosti. |p Nariadenie vlády SR o zvýšení sumy príspevku na pohreb. |p Nariadenie vlády SR o zvýšení sumy príspevku pri narodení dieťaťa a o zvýšení súm príspevku rodičom, ktorým sa súčasne narodili tri deti alebo viac detí .... |p Nariadenie vlády SR o úprave sumy prídavku na dieťa. |p Nariadenie vlády SR, ktorým sa upravujú sumy dávky v hmotnej núdzi a príspevku na bývanie. |p Nariadenie vlády SR, ktorým sa ustanovuje výška minimálnej mzdy / |c [zodpovedná redaktorka: Eva Hynková] |
| 246 | 3 | 0 | |a Zákon o sociálnom poistení |
| 246 | 3 | 0 | |a Zákon o zdravotnom poistení, financovaní zdravotného poistenia, o zriadení Všeobecnej zdravotnej poisťovne ... |
| 246 | 3 | 0 | |a Nariadenie vlády SR o zvýšení sumy zaopatrovacieho príspevku |
| 246 | 3 | 0 | |a Nariadenie vlády SR o zvýšení sumy príspevkov pestúnskej starostlivosti |
| 246 | 3 | 0 | |a Nariadenie vlády SR o zvýšení sumy príspevku na pohreb |
| 246 | 3 | 0 | |a Nariadenie vlády SR o zvýšení sumy príspevku pri narodení dieťaťa a o zvýšení súm príspevku rodičom, ktorým sa súčasne narodili tri deti alebo viac detí ... |
| 246 | 3 | 0 | |a Nariadenie vlády SR o úprave sumy prídavku na dieťa |
| 246 | 3 | 0 | |a Nariadenie vlády SR, ktorým sa upravujú sumy dávky v hmotnej núdzi a príspevku na bývanie |
| 246 | 3 | 0 | |a Nariadenie vlády SR, ktorým sa ustanovuje výška minimálnej mzdy |
| 250 | |a [1. vyd.] | ||
| 260 | |a Žilina : |b Poradca, |c 2004 | ||
| 300 | |a 152 s. ; |c 21 cm | ||
| 500 | |a Obalový názov | ||
| 500 | |a Údaj o red. prevzatý z tiráže | ||
| 504 | |a Obsahuje odkazy k textu. Poznámky pod čiarou | ||
| 650 | 0 | 7 | |a sociálne zabezpečenie |2 SVKKKPH |
| 650 | 0 | 7 | |a sociálne poistenie |2 SVKKKPH |
| 650 | 0 | 7 | |a zdravotné poistenie |2 SVKKKPH |
| 655 | 7 | |a zákony |2 SVKKKPH | |
| 700 | 1 | |a Hynková, Eva |4 lso | |
| 998 | |a BK | ||
| 090 | |g SCKHL |k Sklad Pribinova 2. posch. |a III.198754 |j 966720 |i 2720028029 |s Absenčne | ||